Valtatie 1 -kunnat - Statistics

Yleistilastot
  • Tätä visaa on pelattu 142 kertaa
  • Keskiarvotulos 9 / 10
Vastaustilastot
% Oikein
Espoo
98%
Helsinki
98%
Salo
98%
Turku
98%
Lohja
96%
Kirkkonummi
94%
Kaarina
92%
Kauniainen
88%
Vihti
88%
Paimio
86%
Ehtoja vastaavia visoja ei löytynyt
Tulosjakauma
Jokaisen tuloksen saaneiden osuus
Persentiili vastausten määrän mukaan
Tuloshistoriasi
Et ole pelannut tätä visaa